Buddha-nature, mind and the problem of grdaualism in a comparative perspective : (Record no. 124552)

MARC details
000 -LEADER
fixed length control field 00744nam a22002297a 4500
005 - DATE AND TIME OF LATEST TRANSACTION
control field 20170124105941.0
010 ## - LIBRARY OF CONGRESS CONTROL NUMBER
LC control number A-588437
020 ## - INTERNATIONAL STANDARD BOOK NUMBER
Terms of availability 00.00
035 ## - SYSTEM CONTROL NUMBER
System control number A-588437
037 ## - SOURCE OF ACQUISITION
Source of stock number/acquisition Cen Lib/Ret
040 ## - CATALOGING SOURCE
Original cataloging agency DPL
Language of cataloging EN
082 ## - DEWEY DECIMAL CLASSIFICATION NUMBER
Classification number 250
Edition number RUE
100 ## - MAIN ENTRY--PERSONAL NAME
Personal name Ruegg, David Seyfort
9 (RLIN) 11135
245 ## - TITLE STATEMENT
Title Buddha-nature, mind and the problem of grdaualism in a comparative perspective :
Statement of responsibility, etc by David Seyfort Ruegg
Remainder of title on the transmission of buddhism in India and Tibet /
260 ## - PUBLICATION, DISTRIBUTION, ETC. (IMPRINT)
Place of publication, distribution, etc New Delhi
Name of publisher, distributor, etc Heritage publishers
Date of publication, distribution, etc 1992
270 ## - ADDRESS
City New Delhi
Address 5, Ansari road
Postal code 110002
300 ## - PHYSICAL DESCRIPTION
Extent 219p.
Dimensions 21cm(Hb)
500 ## - GENERAL NOTE
General note Includes index
650 ## - SUBJECT ADDED ENTRY--TOPICAL TERM
Topical term or geographic name as entry element Religion
Chronological subdivision
9 (RLIN) 11136
650 ## - SUBJECT ADDED ENTRY--TOPICAL TERM
Topical term or geographic name as entry element Buddhism
9 (RLIN) 1068
942 ## - ADDED ENTRY ELEMENTS (KOHA)
Source of classification or shelving scheme Dewey Decimal Classification
Koha item type English Books
Classification part 250
Call number suffix RUE
Holdings
Withdrawn status Lost status Damaged status Not for loan Collection code Home library Current library Date acquired Source of acquisition Cost, normal purchase price Total Checkouts Full call number Barcode Date last seen Copy number Cost, replacement price Price effective from Koha item type
      Not For Loan Reference Central Library Central Library 17/06/2015 Cen Lib/Ret 0.00   250 RUE A-588437 17/06/2015 1 0.00 17/06/2015 English Books

© Delhi Public Library
Hit Counter
free hit counter